[Event "Sofia MGU op 195th"]
[Site "Sofia"]
[Date "2017.11.04"]
[Round "2"]
[White "Ivanov, Daniel"]
[Black "Andreev, Dobrotich"]
[Result "0-1"]
[WhiteElo "1758"]
[BlackElo "1829"]
[PlyCount "98"]
[EventDate "2017.11.04"]
[EventType "swiss"]
[EventRounds "6"]
[EventCountry "BUL"]
[SourceTitle "CBM 181 Extra"]
[Source "ChessBase"]
[SourceDate "2017.12.12"]
[SourceVersion "1"]
[SourceVersionDate "2017.12.12"]
[SourceQuality "1"]

1. e4 c6 2. d4 d5 3. exd5 cxd5 4. Bd3 Nc6 5. c3 Nf6 6. Ne2 Bg4 7. f3 Bh5 8. Nf4 Bg6 9. Nxg6 hxg6 10. Be3 Qc7 11. Qb3 0-0-0 12. Nd2 e5 13. Bb5 exd4 14. cxd4 Na5 15. Qc3 Qxc3 16. bxc3 Bd6 17. Kf2 a6 18. Bd3 Rde8 19. Rae1 Bxh2 20. Bg5 Rxe1 21. Rxe1 Nh5 22. Nf1 Bd6 23. Be7 Kd7 24. Bxd6 Kxd6 25. Nd2 Nf4 26. Bf1 Rc8 27. Re3 Ne6 28. g3 Rc6 29. Nb3 Nc4 30. Bxc4 Rxc4 31. Rd3 b6 32. Ke3 Nc7 33. Nc1 Nb5 34. Ne2 Rc8 35. Kd2 Na3 36. Ke3 Rh8 37. f4 Rh1 38. Kf2 Nc4 39. g4 Ra1 40. Rh3 Rxa2 41. Rh7 Ke7 42. Rxg7 Kf8 43. Rh7 Kg8 44. Rh2 a5 45. Kg3 Rc2 46. Kf3 a4 47. Rh1 a3 48. Ra1 a2 49. g5 Nd2+ 0-1

[Event "Sofia MGU op 193rd"]
[Site "Sofia"]
[Date "2017.10.22"]
[Round "6"]
[White "Nikolov, Petko"]
[Black "Andreev, Dobrotich"]
[Result "1-0"]
[WhiteElo "1898"]
[BlackElo "1844"]
[PlyCount "69"]
[EventDate "2017.10.21"]
[EventType "swiss"]
[EventRounds "6"]
[EventCountry "BUL"]
[SourceTitle "CBM 181 Extra"]
[Source "ChessBase"]
[SourceDate "2017.12.12"]
[SourceVersion "1"]
[SourceVersionDate "2017.12.12"]
[SourceQuality "1"]

1. d4 d5 2. Bf4 Nf6 3. e3 e6 4. Nd2 c5 5. c3 Nc6 6. Bd3 Be7 7. Ngf3 a6 8. 0-0 b5 9. Ne5 Nxe5 10. Bxe5 c4 11. Bc2 b4 12. e4 Bb7 13. Ba4+ Kf8 14. Bxf6 gxf6 15. Bc2 dxe4 16. Bxe4 Bxe4 17. Nxe4 f5 18. Nd2 Qc7 19. Qe2 bxc3 20. bxc3 Rc8 21. Nf3 Bf6 22. Ne5 Bxe5 23. dxe5 h5 24. Rfd1 Rg8 25. Rd4 Rg4 26. Rad1 Kg7 27. Qe3 Rg8 28. h3 Rg6 29. Qe2 Kh6 30. g3 f6 31. Qe3+ Rg5 32. h4 f4 33. Qxf4 fxe5 34. hxg5+ Rxg5 35. Qf8+ 1-0

[Event "Sofia MGU op 192nd"]
[Site "Sofia"]
[Date "2017.10.07"]
[Round "3"]
[White "Metev, Martin"]
[Black "Andreev, Dobrotich"]
[Result "1-0"]
[WhiteElo "1907"]
[BlackElo "1844"]
[PlyCount "111"]
[EventDate "2017.10.07"]
[EventType "swiss"]
[EventRounds "6"]
[EventCountry "BUL"]
[SourceTitle "CBM 181 Extra"]
[Source "ChessBase"]
[SourceDate "2017.12.12"]
[SourceVersion "1"]
[SourceVersionDate "2017.12.12"]
[SourceQuality "1"]

1. e4 c6 2. d4 d5 3. Nc3 dxe4 4. Nxe4 Bf5 5. Ng3 Bg6 6. Nf3 e6 7. Ne5 Nd7 8. Nxg6 hxg6 9. c3 Bd6 10. Ne4 Bc7 11. Bg5 Ndf6 12. Bd3 Qb8 13. Qd2 Nxe4 14. Bxe4 Nf6 15. Bf3 Nd5 16. Bxd5 cxd5 17. h3 Bd8 18. 0-0 Bxg5 19. Qxg5 Rh5 20. Qe3 Rh4 21. Rfe1 Qf4 22. Qd3 Qc7 23. b3 0-0-0 24. Rac1 Kb8 25. a4 g5 26. c4 dxc4 27. Rxc4 Qd6 28. Re4 Rdh8 29. Rxh4 Rxh4 30. Qc3 Rh8 31. Kf1 a6 32. b4 g4 33. hxg4 Rh1+ 34. Ke2 e5 35. Rc8+ Ka7 36. Qc5+ Qxc5 37. dxc5 Rb1 38. b5 axb5 39. axb5 Rxb5 40. Rc7 f6 41. c6 Kb8 42. Rxb7+ Rxb7 43. cxb7 Kxb7 44. Ke3 Kc6 45. Ke4 Kd7 46. Kf5 Ke7 47. Kg6 Kf8 48. f3 Kg8 49. g5 fxg5 50. Kxg5 Kf8 51. Kf5 Kf7 52. Kxe5 Kg6 53. Ke6 Kg5 54. Kf7 g6 55. Kg7 Kh5 56. Kf6 1-0

[Event "Sofia MGU op 191st"]
[Site "Sofia"]
[Date "2017.10.01"]
[Round "6"]
[White "Andreev, Dobrotich"]
[Black "Babatov, Martin"]
[Result "0-1"]
[WhiteElo "1881"]
[BlackElo "1737"]
[PlyCount "78"]
[EventDate "2017.09.30"]
[EventType "swiss"]
[EventRounds "6"]
[EventCountry "BUL"]
[SourceTitle "EXT 2018"]
[Source "ChessBase"]
[SourceDate "2017.10.13"]
[SourceVersion "1"]
[SourceVersionDate "2017.10.13"]
[SourceQuality "1"]

1. e4 c6 2. Nc3 d5 3. Nf3 dxe4 4. Nxe4 Bg4 5. Bc4 e6 6. Ng3 Nf6 7. h3 Bxf3 8. Qxf3 Nbd7 9. Bb3 Be7 10. d4 Qc7 11. Bf4 Bd6 12. Bxd6 Qxd6 13. 0-0-0 0-0-0 14. Ne4 Nxe4 15. Qxe4 Nf6 16. Qe5 Qxe5 17. dxe5 Ne4 18. Rxd8+ Rxd8 19. Re1 Nd2 20. Ba4 b5 21. Re2 Nc4 22. Bb3 Na5 23. Re3 Nxb3+ 24. Rxb3 Kc7 25. Rf3 Rd7 26. Rg3 g6 27. f4 c5 28. Re3 h5 29. Re2 Kc6 30. Rd2 Rxd2 31. Kxd2 Kd5 32. Ke3 c4 33. c3 a5 34. g3 b4 35. cxb4 axb4 36. a4 Kc5 37. Ke4 b3 38. Ke3 c3 39. a5 cxb2 0-1

[Event "Sofia MGU op 190th"]
[Site "Sofia"]
[Date "2017.09.23"]
[Round "1"]
[White "Ivanov, Oleg2222"]
[Black "Andreev, Dobrotich"]
[Result "1/2-1/2"]
[WhiteElo "1548"]
[BlackElo "1881"]
[PlyCount "132"]
[EventDate "2017.09.23"]
[EventType "swiss"]
[EventRounds "6"]
[EventCountry "BUL"]
[SourceTitle "CBM 180 Extra"]
[Source "ChessBase"]
[SourceDate "2017.10.06"]
[SourceVersion "1"]
[SourceVersionDate "2017.10.06"]
[SourceQuality "1"]

1. c4 Nf6 2. Nc3 e6 3. e4 d5 4. e5 d4 5. exf6 dxc3 6. fxg7 cxd2+ 7. Bxd2 Bxg7 8. Qc2 Nc6 9. Nf3 Nd4 10. Nxd4 Bxd4 11. Bd3 Qf6 12. 0-0 Bxb2 13. Rad1 Bd4 14. c5 e5 15. Be3 Be6 16. Bxd4 exd4 17. Qa4+ c6 18. Be4 0-0-0 19. Bxc6 Bd5 20. Bxd5 Rxd5 21. Qxa7 Qa6 22. Qb6 Rhd8 23. a4 d3 24. Qxa6 bxa6 25. Rd2 Rxc5 26. Rfd1 Rc2 27. Kf1 Rc3 28. Ke1 Kc7 29. Rb2 Rd4 30. Kd2 Ra3 31. Ke3 Rd5 32. Rbd2 Rxa4 33. Rxd3 Re5+ 34. Kf3 Rf5+ 35. Ke3 Ra2 36. R1d2 Rxd2 37. Rxd2 a5 38. g4 Rc5 39. Kd4 Rc6 40. Ra2 Kb6 41. Rb2+ Ka6 42. Kd5 Rf6 43. h4 Rf4 44. Kc6 Rc4+ 45. Kd5 Rxg4 46. h5 Rg5+ 47. Kc6 Rxh5 48. Rb6+ Ka7 49. Rb7+ Ka8 50. Rxf7 a4 51. Kb6 Rh6+ 52. Kb5 a3 53. Rf3 Kb7 54. Rxa3 Rh5+ 55. Kc4 Rf5 56. Rh3 h5 57. f3 Kc6 58. Kd4 Kd6 59. Ke4 Ra5 60. f4 Ke6 61. Kf3 Kf6 62. Rh4 Ra3+ 63. Ke4 Kg6 64. Ke5 Re3+ 65. Kd4 Re1 66. Kd5 Re8 1/2-1/2

[Event "Sofia MGU op 187th"]
[Site "Sofia"]
[Date "2017.07.09"]
[Round "4"]
[White "Andreev, Dobrotich"]
[Black "Babatov, Martin"]
[Result "1-0"]
[WhiteElo "1907"]
[BlackElo "1771"]
[PlyCount "101"]
[EventDate "2017.07.08"]
[EventType "swiss"]
[EventRounds "6"]
[EventCountry "BUL"]
[SourceTitle "CBM 179 Extra"]
[Source "ChessBase"]
[SourceDate "2017.08.23"]
[SourceVersion "1"]
[SourceVersionDate "2017.08.23"]
[SourceQuality "1"]

1. e4 c6 2. Nc3 d5 3. Nf3 dxe4 4. Nxe4 Bg4 5. Bc4 e6 6. h3 Bxf3 7. Qxf3 Nf6 8. Nxf6+ Qxf6 9. Qxf6 gxf6 10. d4 Rg8 11. Bf4 Nd7 12. Bd3 h5 13. h4 0-0-0 14. g3 Nb6 15. c3 Bd6 16. Bxd6 Rxd6 17. Be2 Rh8 18. 0-0-0 f5 19. c4 Rdd8 20. b3 Kc7 21. Bf3 a5 22. Rhe1 a4 23. d5 cxd5 24. cxd5 axb3 25. axb3 Nxd5 26. Bxd5 exd5 27. Re7+ Rd7 28. Rxd7+ Kxd7 29. Rxd5+ Ke6 30. Rb5 Rc8+ 31. Kd2 Rc7 32. Ke3 Rc3+ 33. Kf4 Rc2 34. f3 Rd2 35. Rb6+ Ke7 36. Rxb7+ Kf6 37. Rb6+ Kg7 38. Kxf5 Rd3 39. Ke4 Rc3 40. Rb5 Kg6 41. Kf4 f6 42. Rb7 Rd3 43. Ke4 Rc3 44. Rb8 Rc5 45. Rd8 Rb5 46. Rd3 Rb4+ 47. Kd5 Rb8 48. Kc5 f5 49. Rd6+ Kg7 50. b4 Rc8+ 51. Rc6 1-0

[Event "Sofia MGU op 182nd"]
[Site "Sofia"]
[Date "2017.02.25"]
[Round "2"]
[White "Babatov, Martin"]
[Black "Andreev, Dobrotich"]
[Result "0-1"]
[WhiteElo "1723"]
[BlackElo "1998"]
[PlyCount "78"]
[EventDate "2017.02.25"]
[EventType "swiss"]
[EventRounds "6"]
[EventCountry "BUL"]
[SourceTitle "CBM 177 Extra"]
[Source "ChessBase"]
[SourceDate "2017.04.27"]
[SourceVersion "1"]
[SourceVersionDate "2017.04.27"]
[SourceQuality "1"]

1. e4 c6 2. d4 d5 3. exd5 cxd5 4. Bd3 Nc6 5. c3 Nf6 6. h3 g6 7. Bf4 Bf5 8. Bxf5 gxf5 9. Nf3 e6 10. Nbd2 Qb6 11. Qb3 Ne4 12. Qxb6 axb6 13. 0-0 Kd7 14. Nxe4 fxe4 15. Ne5+ Nxe5 16. Bxe5 Rg8 17. f3 f5 18. fxe4 dxe4 19. Kh2 h5 20. a3 b5 21. Rae1 Bd6 22. Bxd6 Kxd6 23. Rf4 Rg5 24. h4 Rg4 25. Rxg4 hxg4 26. Kg3 Kd5 27. Kf4 Kc4 28. Re3 b4 29. axb4 Ra2 30. Re2 Kd3 31. Re3+ Kd2 32. h5 Rxb2 33. h6 Rb1 34. h7 Rh1 35. Rh3 gxh3 36. g4 Rf1+ 37. Kg3 e3 38. h8Q e2 39. Qh6+ f4+ 0-1

[Event "Sofia MGU op 180th"]
[Site "Sofia"]
[Date "2017.01.21"]
[Round "1"]
[White "Andreev, Dobrotich"]
[Black "Georgiev, Nikolay"]
[Result "1-0"]
[WhiteElo "1985"]
[BlackElo "1623"]
[PlyCount "71"]
[EventDate "2017.01.21"]
[EventType "swiss"]
[EventRounds "6"]
[EventCountry "BUL"]
[SourceTitle "CBM 176 Extra"]
[Source "ChessBase"]
[SourceDate "2017.03.02"]
[SourceVersion "1"]
[SourceVersionDate "2017.03.02"]
[SourceQuality "1"]

1. e4 e5 2. Nf3 Nc6 3. Bb5 Bc5 4. c3 Nf6 5. d4 exd4 6. cxd4 Bb4+ 7. Bd2 Nxe4 8. Bxb4 Nxb4 9. 0-0 0-0 10. Re1 Ng5 11. Ne5 d6 12. Nd3 Nxd3 13. Bxd3 Ne6 14. Bc2 Qg5 15. Nc3 Nf4 16. Qf3 Bh3 17. Qg3 Qxg3 18. hxg3 Nxg2 19. Re7 g5 20. Be4 Nh4 21. gxh4 gxh4 22. Nd5 f5 23. Bf3 Bg4 24. Bxg4 fxg4 25. Nxc7 Rac8 26. Rae1 Rf4 27. Ne6 Rf6 28. Rg7+ Kh8 29. Rxg4 Rc2 30. Nf4 h5 31. Re8+ Kh7 32. Re7+ Kh6 33. Rxh4 Kg5 34. Rg7+ Kxh4 35. Ng2+ Kh3 36. Rg3# 1-0

[Event "Sofia MGU op 180th"]
[Site "Sofia"]
[Date "2017.01.21"]
[Round "3"]
[White "Andreev, Dobrotich"]
[Black "Metev, Martin"]
[Result "1-0"]
[WhiteElo "1985"]
[BlackElo "2062"]
[PlyCount "37"]
[EventDate "2017.01.21"]
[EventType "swiss"]
[EventRounds "6"]
[EventCountry "BUL"]
[SourceTitle "CBM 176 Extra"]
[Source "ChessBase"]
[SourceDate "2017.03.02"]
[SourceVersion "1"]
[SourceVersionDate "2017.03.02"]
[SourceQuality "1"]

1. e4 e6 2. d4 d5 3. Nd2 dxe4 4. Nxe4 Nd7 5. Bd3 Ngf6 6. Qe2 Be7 7. Nf3 b6 8. Ne5 Bb7 9. Bb5 0-0 10. Nc6 Qe8 11. 0-0 a6 12. Nxe7+ Qxe7 13. Bd3 Nxe4 14. Bxe4 Bxe4 15. Qxe4 c5 16. d5 Nf6 17. Bg5 Nxe4 18. Bxe7 Rfe8 19. d6 1-0